Normal view
MARC view
Entry Personal Name
001 - CONTROL NUMBER
- control field: 157848
003 - CONTROL NUMBER IDENTIFIER
- control field: OSt
005 - DATE AND TIME OF LATEST TRANSACTION
- control field: 20220923211052.0
008 - FIXED-LENGTH DATA ELEMENTS
- fixed length control field: 220923|| aca||aabn | a|a d
040 ## - CATALOGING SOURCE
- Original cataloging agency: OSt
- Transcribing agency: OSt
100 ## - HEADING--PERSONAL NAME
- Personal name: एंगंल्स, फ्रेडरिख़; नरेश 'नदीम', संपा
670 ## - SOURCE DATA FOUND
- Source citation: Work cat.: (OSt)294789: एंगंल्स, फ्रेडरिख़; नरेश 'नदीम', संपा., परिवार, निजी सम्पति और राज्य की उत्पति, 2006
